| 000 | 00425nab a2200145Ia 4500 | ||
|---|---|---|---|
| 003 | ES-SlBCS | ||
| 005 | 20210601131734.0 | ||
| 008 | 140529s1952 xxu||||| |||| 00| 0 fre d | ||
| 041 | _afre | ||
| 100 | 1 |
_aMuller, H. _99180 |
|
| 245 | 0 | 0 |
_aLa semaine des intellectuels catholiques _c H. Muller |
| 650 | 0 | 4 |
_aIntelectuales Católicos _9170887 |
| 773 | 0 |
_tVie Intelectuelle (La) _gnº. 6, 1952, págs. 95-97 _wRev907 |
|
| 942 | _cAR | ||
| 999 |
_c567959 _d567959 |
||